[Event "URU-chT"]
[Site "Montevideo"]
[Date "2023.07.22"]
[Round "2.1"]
[White "Lopez Azambuja, Nicolas"]
[Black "Arias Bouzada, Jorge"]
[Result "1-0"]
[WhiteElo "2259"]
[BlackElo "2045"]
[PlyCount "43"]
[EventDate "2023.07.21"]
[EventType "team-tourn"]
[EventRounds "5"]
[EventCountry "URU"]
[SourceTitle "CBM 215 Extra"]
[Source "ChessBase"]
[SourceDate "2023.09.30"]
[SourceVersion "1"]
[SourceVersionDate "2023.09.30"]
[SourceQuality "1"]
[WhiteTeam "Mijail Tal"]
[BlackTeam "Trebejos II"]
[WhiteTeamCountry "URU"]
[BlackTeamCountry "URU"]

1. d4 c5 2. d5 e5 3. e4 d6 4. c4 g6 5. Nc3 a6 6. Be2 Bg7 7. g4 Nd7 8. h4 b6 9. Be3 Bb7 10. a3 Qc7 11. Nf3 Ne7 12. h5 0-0-0 13. h6 Bf8 14. Ng5 f6 15. Ne6 Qb8 16. b4 Rg8 17. Na4 Qa7 18. bxc5 bxc5 19. Qd2 f5 20. gxf5 gxf5 21. Qa5 Ba8 22. Bh5 1-0

[Event "URU-ch 93rd"]
[Site "Montevideo"]
[Date "2023.04.07"]
[Round "10"]
[White "Granara Barreto, Sebastian A"]
[Black "Lopez Azambuja, Nicolas"]
[Result "0-1"]
[WhiteElo "2146"]
[BlackElo "2225"]
[PlyCount "64"]
[EventDate "2023.03.31"]
[EventType "tourn"]
[EventRounds "11"]
[EventCountry "URU"]
[SourceTitle "CBM 213 Extra"]
[Source "ChessBase"]
[SourceDate "2023.05.31"]
[SourceVersion "1"]
[SourceVersionDate "2023.05.31"]
[SourceQuality "1"]

1. c4 e6 2. Nc3 d5 3. e3 Nf6 4. Nf3 Be7 5. Be2 0-0 6. 0-0 dxc4 7. Bxc4 c5 8. d4 Nc6 9. a3 b6 10. Qe2 cxd4 11. Rd1 Bb7 12. exd4 Na5 13. Ba2 Nd5 14. Ne4 Nf6 15. Neg5 Bd5 16. Bb1 Nb3 17. Ne5 g6 18. Qd3 Nxa1 19. Nxh7 Qe8 20. Ng5 Nb3 21. Qh3 Nxc1 22. Rxc1 Nh5 23. g4 Bxg5 24. gxh5 Kg7 25. hxg6 Bxc1 26. gxf7 Rxf7 27. Qg4+ Kf6 28. Qh4+ Bg5 29. Ng4+ Ke7 30. Qxg5+ Kd6 31. Bg6 Qe7 32. Qe5+ Kc6 0-1

[Event "URU-ch 93rd"]
[Site "Montevideo"]
[Date "2023.04.01"]
[Round "2"]
[White "Lopez Azambuja, Nicolas"]
[Black "Elena, Eduardo"]
[Result "1/2-1/2"]
[WhiteElo "2225"]
[BlackElo "1915"]
[PlyCount "110"]
[EventDate "2023.03.31"]
[EventType "tourn"]
[EventRounds "11"]
[EventCountry "URU"]
[SourceTitle "CBM 213 Extra"]
[Source "ChessBase"]
[SourceDate "2023.05.31"]
[SourceVersion "1"]
[SourceVersionDate "2023.05.31"]
[SourceQuality "1"]

1. d4 d5 2. c4 c6 3. Nf3 Nf6 4. Qb3 e6 5. Bg5 Nbd7 6. Nc3 Be7 7. e3 0-0 8. Bd3 dxc4 9. Bxc4 b5 10. Be2 Bb7 11. 0-0 a6 12. Rfd1 Qb8 13. a4 Bd6 14. Qc2 Re8 15. Rac1 Qc7 16. Qd3 bxa4 17. Bxf6 gxf6 18. Nxa4 Qa5 19. Ra1 Qc7 20. Qc2 a5 21. Rac1 Bf8 22. Nd2 Nb6 23. Nxb6 Qxb6 24. Ne4 Be7 25. Nc5 Red8 26. Rd3 Rab8 27. e4 Bc8 28. Na4 Qa7 29. Qd2 Kh8 30. e5 f5 31. Nc5 Rg8 32. Bf3 Bg5 33. Re3 Qb6 34. b3 Qb4 35. Qd3 Rd8 36. Rc4 Qb5 37. Re1 Be7 38. Qc3 Bxc5 39. dxc5 Ba6 40. Rd4 Rg8 41. Rb1 a4 42. b4 Qb7 43. Rd6 Bb5 44. Rbd1 Qa6 45. Qa3 Rbc8 46. Rd7 Rg7 47. h4 Rcg8 48. Rd8 Be2 49. Rxg8+ Rxg8 50. Ra1 Bxf3 51. Qxf3 Qb5 52. Qf4 Qd3 53. Qh6 Qd4 54. Qf6+ Rg7 55. Rxa4 Qd1+ 1/2-1/2

[Event "URU-ch 93rd"]
[Site "Montevideo"]
[Date "2023.03.31"]
[Round "1"]
[White "Hoffman, Alejandro"]
[Black "Lopez Azambuja, Nicolas"]
[Result "1/2-1/2"]
[WhiteElo "2359"]
[BlackElo "2225"]
[PlyCount "36"]
[EventDate "2023.03.31"]
[EventType "tourn"]
[EventRounds "11"]
[EventCountry "URU"]
[SourceTitle "CBM 213 Extra"]
[Source "ChessBase"]
[SourceDate "2023.05.31"]
[SourceVersion "1"]
[SourceVersionDate "2023.05.31"]
[SourceQuality "1"]

1. d4 d5 2. c4 e6 3. Nc3 c6 4. e4 dxe4 5. Nxe4 Bb4+ 6. Bd2 Qxd4 7. Bxb4 Qxe4+ 8. Ne2 Na6 9. Bf8 Ne7 10. Bxg7 Nb4 11. Bxh8 e5 12. Qd6 Nc2+ 13. Kd2 Bf5 14. Ng3 Qf4+ 15. Kc3 Nd5+ 16. cxd5 Qd4+ 17. Kb3 Nxa1+ 18. Ka3 Nc2+ 1/2-1/2

[Event "Punta del Este Barla Memorial 2nd"]
[Site "Punta del Este"]
[Date "2023.03.18"]
[Round "2"]
[White "Lopez Azambuja, Nicolas"]
[Black "Elias, Adriano"]
[Result "1-0"]
[WhiteElo "2225"]
[BlackElo "1678"]
[PlyCount "97"]
[EventDate "2023.03.17"]
[EventType "swiss"]
[EventRounds "5"]
[EventCountry "URU"]
[SourceTitle "EXT 2024"]
[Source "ChessBase"]
[SourceDate "2023.10.10"]
[SourceVersion "1"]
[SourceVersionDate "2023.10.10"]
[SourceQuality "1"]

1. d4 d6 2. e4 g6 3. c4 Bg7 4. Nc3 Nc6 5. Nge2 e5 6. d5 Nce7 7. Be3 f5 8. f3 Nf6 9. h3 0-0 10. Qd2 f4 11. Bf2 a6 12. Nc1 c6 13. Nd3 c5 14. b4 b6 15. Rb1 Bd7 16. Be2 Rb8 17. Qb2 h5 18. h4 Bh6 19. Qa3 Ra8 20. Bd1 Be8 21. Qb2 Qc7 22. bxc5 bxc5 23. Qb6 Qxb6 24. Rxb6 Nc8 25. Rb2 Nd7 26. Na4 Rf7 27. Ke2 Rg7 28. Nc1 g5 29. Nb3 gxh4 30. Rh2 Rb8 31. Na5 Rxb2+ 32. Nxb2 Nf6 33. Kd3 Kf8 34. Ba4 Bxa4 35. Nxa4 Nd7 36. Bxh4 Rh7 37. Bd8 Bg7 38. Nc6 Bf6 39. Bc7 Ke8 40. Ba5 h4 41. Ke2 Ne7 42. Rh1 Nc8 43. Kf2 Nf8 44. Rb1 Nd7 45. Nb8 h3 46. Nxd7 Rxd7 47. g4 Bh4+ 48. Kf1 Ne7 49. Rb8+ 1-0

[Event "URU-ch sf2"]
[Site "Colonia del Sacramento"]
[Date "2023.02.18"]
[Round "2"]
[White "Lopez Azambuja, Nicolas"]
[Black "Romero, Juan Ignacio"]
[Result "1-0"]
[WhiteElo "2236"]
[BlackElo "1896"]
[PlyCount "99"]
[EventDate "2023.02.17"]
[EventType "swiss"]
[EventRounds "7"]
[EventCountry "URU"]
[SourceTitle "CBM 213 Extra"]
[Source "ChessBase"]
[SourceDate "2023.05.31"]
[SourceVersion "1"]
[SourceVersionDate "2023.05.31"]
[SourceQuality "1"]

1. d4 Nf6 2. c4 e6 3. Nf3 b6 4. g3 Bb7 5. Bg2 Be7 6. 0-0 d6 7. Nc3 0-0 8. d5 exd5 9. cxd5 Nbd7 10. Nd4 Re8 11. b3 Bf8 12. Qc2 a6 13. Bb2 Ne5 14. h3 Rc8 15. f4 c5 16. Nf5 Ned7 17. g4 c4 18. b4 g6 19. Ng3 Re3 20. Kf2 Re7 21. e4 b5 22. Kg1 Qb6+ 23. Kh2 Bg7 24. Rae1 a5 25. a3 h6 26. Bc1 axb4 27. axb4 Ra8 28. Be3 Qa6 29. Qd2 Qa3 30. Bd4 Qxb4 31. Rb1 Qa5 32. Rxb5 Qc7 33. Rbb1 Ba6 34. Qf2 Ree8 35. g5 Nh7 36. gxh6 Bxh6 37. e5 Bg7 38. exd6 Qxd6 39. Bxg7 Kxg7 40. Nge4 Qf8 41. Qd4+ f6 42. Ng5 Nxg5 43. fxg5 Qd6+ 44. Kh1 Re5 45. gxf6+ Nxf6 46. Rb6 Qe7 47. Rbxf6 Qxf6 48. Rxf6 Kxf6 49. Ne4+ Kf5 50. Ng3+ 1-0

[Event "Montevideo Integracion 2nd"]
[Site "Montevideo"]
[Date "2022.12.02"]
[Round "6"]
[White "Lopez Azambuja, Nicolas"]
[Black "Spata, German"]
[Result "1/2-1/2"]
[WhiteElo "2280"]
[BlackElo "2346"]
[PlyCount "107"]
[EventDate "2022.11.28"]
[EventType "tourn"]
[EventRounds "9"]
[EventCountry "URU"]
[EventCategory "3"]
[SourceTitle "CBM 211 Extra"]
[Source "ChessBase"]
[SourceDate "2023.01.31"]
[SourceVersion "1"]
[SourceVersionDate "2023.01.31"]
[SourceQuality "1"]

1. d4 e6 2. c4 Nf6 3. Nf3 d5 4. cxd5 exd5 5. Nc3 c6 6. Bf4 Bd6 7. Bxd6 Qxd6 8. e3 Bf5 9. Be2 h6 10. Nh4 Bh7 11. Bd3 0-0 12. Bxh7+ Kxh7 13. Nf5 Qe6 14. Qd3 g6 15. Ng3 Nbd7 16. 0-0 Rae8 17. Rac1 Re7 18. Rfe1 Rfe8 19. Na4 h5 20. Ne2 Kg7 21. Nf4 Qd6 22. Qd1 Ne4 23. Nc5 Nexc5 24. dxc5 Qf6 25. Nd3 d4 26. exd4 Qxd4 27. Rxe7 Rxe7 28. Qc2 Nf6 29. Qc3 Rd7 30. Ne1 Qxc3 31. Rxc3 Ne4 32. Rc2 Rd5 33. b4 a5 34. f3 Nf6 35. a3 Rd1 36. Kf2 Ra1 37. bxa5 Rxa3 38. Rb2 Rxa5 39. Rxb7 Rxc5 40. Nd3 Rd5 41. Ke2 Ra5 42. f4 Nd5 43. g3 Ra2+ 44. Kf3 Ra3 45. Ke2 h4 46. Ne5 hxg3 47. hxg3 Rxg3 48. Kf2 Rc3 49. Rxf7+ Kg8 50. Rd7 Nxf4 51. Rd6 c5 52. Nxg6 Nxg6 53. Rxg6+ Kf7 54. Rc6 1/2-1/2

[Event "Montevideo Integracion 2nd"]
[Site "Montevideo"]
[Date "2022.11.29"]
[Round "2"]
[White "Lopez Azambuja, Nicolas"]
[Black "Carbone, Diego"]
[Result "1/2-1/2"]
[WhiteElo "2280"]
[BlackElo "2316"]
[PlyCount "110"]
[EventDate "2022.11.28"]
[EventType "tourn"]
[EventRounds "9"]
[EventCountry "URU"]
[EventCategory "3"]
[SourceTitle "CBM 211 Extra"]
[Source "ChessBase"]
[SourceDate "2023.01.31"]
[SourceVersion "1"]
[SourceVersionDate "2023.01.31"]
[SourceQuality "1"]

1. d4 Nf6 2. c4 e6 3. Nc3 d5 4. cxd5 exd5 5. Bf4 Be7 6. e3 0-0 7. Bd3 c5 8. dxc5 Bxc5 9. Nf3 Nc6 10. 0-0 a6 11. Rc1 Ba7 12. Bg5 Be6 13. Ne2 h6 14. Bh4 g5 15. Bg3 Nh5 16. Bxa6 Nxg3 17. hxg3 Nb4 18. Bd3 Nxa2 19. Ra1 Nb4 20. Ned4 Bg4 21. Be2 Qe7 22. Qb3 Bc5 23. Rfc1 b6 24. Qd1 Qf6 25. Qd2 Rfd8 26. Nb3 Bf8 27. Nfd4 Bd7 28. Bb5 Bg4 29. Be2 Bd7 30. Nb5 Bf5 31. N3d4 Bg6 32. Nc7 Rxa1 33. Rxa1 Bc5 34. Ncb5 Qe5 35. Ra4 Qe7 36. Qc3 Qf8 37. g4 Be4 38. Nf5 Nc6 39. Nbd4 Nxd4 40. exd4 Be7 41. Ra7 Bf6 42. Qc6 Bxf5 43. Qxf6 Be6 44. Rb7 Rd6 45. Qe5 Qc8 46. Rxf7 Qc1+ 47. Bf1 Kxf7 48. Qxd6 Qxb2 49. Qc7+ Kf6 50. Qh7 Bxg4 51. Qxh6+ Kf7 52. Qh7+ Kf6 53. Qh6+ Kf7 54. Qh7+ Kf6 55. Qh6+ Kf7 1/2-1/2

[Event "Montevideo Trebejos 50 Anniv op"]
[Site "Montevideo"]
[Date "2022.09.19"]
[Round "3"]
[White "Acosta, Pablo Ismael"]
[Black "Lopez Azambuja, Nicolas"]
[Result "1-0"]
[WhiteElo "2452"]
[BlackElo "2305"]
[PlyCount "87"]
[EventDate "2022.09.17"]
[EventType "swiss"]
[EventRounds "9"]
[EventCountry "URU"]
[SourceTitle "EXT 2023"]
[Source "ChessBase"]
[SourceDate "2022.10.05"]
[SourceVersion "1"]
[SourceVersionDate "2022.10.05"]
[SourceQuality "1"]

1. d4 Nf6 2. Nf3 e6 3. e3 c5 4. Bd3 cxd4 5. exd4 b6 6. 0-0 Be7 7. a4 a6 8. Nbd2 Bb7 9. c3 0-0 10. Qe2 d6 11. Nc4 Nbd7 12. Bf4 Qc7 13. h3 Rfe8 14. Rfe1 Nf8 15. a5 b5 16. Nb6 Ra7 17. c4 bxc4 18. Bxc4 Ng6 19. Bh2 Nd5 20. Bxd5 Bxd5 21. Nxd5 exd5 22. Qd3 Rb8 23. Qf5 Qd7 24. Qxd5 Rxb2 25. Rec1 Rab7 26. Qc4 Qb5 27. Qxb5 R2xb5 28. Rc8+ Nf8 29. Bf4 g5 30. Bd2 Kg7 31. Ra8 Ne6 32. Rxa6 h5 33. g4 Rb1+ 34. Rxb1 Rxb1+ 35. Kg2 Ra1 36. gxh5 Ra2 37. Ra7 Bf6 38. d5 Nf4+ 39. Bxf4 gxf4 40. h4 Bc3 41. a6 Kh6 42. Rxf7 Rxa6 43. Rf5 Bb4 44. Nh2 1-0

[Event "Montevideo Trebejos 50 Anniv op"]
[Site "Montevideo"]
[Date "2022.09.18"]
[Round "2"]
[White "Lopez Azambuja, Nicolas"]
[Black "Quevedo, Andreina"]
[Result "1-0"]
[WhiteElo "2305"]
[BlackElo "1838"]
[PlyCount "51"]
[EventDate "2022.09.17"]
[EventType "swiss"]
[EventRounds "9"]
[EventCountry "URU"]
[SourceTitle "EXT 2023"]
[Source "ChessBase"]
[SourceDate "2022.10.05"]
[SourceVersion "1"]
[SourceVersionDate "2022.10.05"]
[SourceQuality "1"]

1. Nf3 Nf6 2. c4 c5 3. Nc3 Nc6 4. d4 cxd4 5. Nxd4 e5 6. Nc2 g6 7. g3 Bg7 8. Bg2 0-0 9. 0-0 Qe7 10. Bg5 Qc5 11. Bxf6 Bxf6 12. Ne4 Qe7 13. Ne3 Bg7 14. Nd5 Qd8 15. Nd6 Ne7 16. Nxe7+ Qxe7 17. Qd2 Rb8 18. Rad1 Rd8 19. Qa5 a6 20. Qc7 Ra8 21. b3 a5 22. Bd5 Rf8 23. Nxb7 Ra7 24. Qb6 Ra8 25. Nd6 Ra6 26. Nxc8 1-0

[Event "URU-ch sf"]
[Site "Montevideo"]
[Date "2022.02.26"]
[Round "2"]
[White "Vaz Lacuesta, Leonardo"]
[Black "Lopez Azambuja, Nicolas"]
[Result "0-1"]
[WhiteElo "2018"]
[BlackElo "2318"]
[PlyCount "100"]
[EventDate "2022.02.26"]
[EventType "swiss"]
[EventRounds "7"]
[EventCountry "URU"]
[SourceTitle "CBM 207 Extra"]
[Source "ChessBase"]
[SourceDate "2022.05.31"]
[SourceVersion "1"]
[SourceVersionDate "2022.05.31"]
[SourceQuality "1"]

1. d4 Nf6 2. Bf4 d5 3. e3 e6 4. Nf3 Bd6 5. Bg3 0-0 6. Bd3 c5 7. c3 b6 8. Ne5 Bb7 9. 0-0 Nc6 10. f4 Ne7 11. Bh4 Ne4 12. Nd2 f6 13. Nef3 Nf5 14. Bf2 Be7 15. Bc2 c4 16. Qe2 b5 17. Nxe4 dxe4 18. Nd2 Nd6 19. b3 Qa5 20. f5 exf5 21. Bg3 Rac8 22. Bxd6 Bxd6 23. Rxf5 Qxc3 24. Rc1 Qb2 25. Qd1 cxb3 26. Bxb3+ Kh8 27. Rb1 Qc3 28. Qe2 a6 29. Rbf1 Qb2 30. R5f2 Bb4 31. Rd1 Rc3 32. Rb1 Rc1+ 33. Rxc1 Qxc1+ 34. Nf1 f5 35. Qh5 g6 36. Qh6 Qc7 37. h4 Bd6 38. h5 Qg7 39. Qg5 Qf6 40. Qxf6+ Rxf6 41. hxg6 hxg6 42. g3 Rf8 43. Be6 Kg7 44. Kg2 Kf6 45. d5 Ke5 46. Rd2 Bc8 47. Rc2 Bxe6 48. dxe6 Kxe6 49. Rc6 Ra8 50. Nd2 Kd7 0-1

[Event "Montevideo Duchamp Cup 5th"]
[Site "Montevideo"]
[Date "2022.02.12"]
[Round "1"]
[White "Lopez Azambuja, Nicolas"]
[Black "Reolon, Victor"]
[Result "1-0"]
[WhiteElo "2318"]
[BlackElo "1630"]
[PlyCount "59"]
[EventDate "2022.02.12"]
[EventType "swiss"]
[EventRounds "9"]
[EventCountry "URU"]
[SourceTitle "CBM 206 Extra"]
[Source "ChessBase"]
[SourceDate "2022.03.31"]
[SourceVersion "1"]
[SourceVersionDate "2022.03.31"]
[SourceQuality "1"]

1. d4 Nf6 2. c4 e6 3. Nf3 b6 4. g3 Bb7 5. Bg2 d5 6. Qa4+ Qd7 7. Qc2 Nc6 8. 0-0 0-0-0 9. cxd5 Qxd5 10. Rd1 Nb4 11. Qa4 a5 12. Nc3 Bc6 13. Qxb4 axb4 14. Nxd5 exd5 15. Bf4 Nh5 16. Bd2 Be8 17. Ne5 f5 18. Bg5 Nf6 19. Bh3 Bg6 20. Rdc1 Kb7 21. Rc6 Rd6 22. Rcc1 Ne4 23. Bf4 Re6 24. Rxc7+ Kxc7 25. Nxg6+ Bd6 26. Nxh8 Bxf4 27. gxf4 Rf6 28. f3 Nd6 29. Kf2 Rf8 30. Rg1 1-0

[Event "Montevideo Magistral Integracion 1st"]
[Site "Montevideo"]
[Date "2021.12.06"]
[Round "3"]
[White "Vitoux, Colomban"]
[Black "Lopez Azambuja, Nicolas"]
[Result "0-1"]
[WhiteElo "2365"]
[BlackElo "2337"]
[PlyCount "70"]
[EventDate "2021.12.04"]
[EventType "tourn"]
[EventRounds "9"]
[EventCountry "URU"]
[EventCategory "3"]
[SourceTitle "CBM 205 Extra"]
[Source "ChessBase"]
[SourceDate "2022.01.31"]
[SourceVersion "1"]
[SourceVersionDate "2022.01.31"]
[SourceQuality "1"]

1. c4 Nf6 2. Nf3 e6 3. g3 d5 4. Bg2 dxc4 5. Qa4+ Bd7 6. Qxc4 c5 7. 0-0 Bc6 8. Rd1 Nbd7 9. Nc3 b5 10. Qb3 c4 11. Qc2 Bc5 12. d4 cxd3 13. Qxd3 Qb6 14. Ng5 Bxf2+ 15. Kf1 Bc5 16. Nce4 h6 17. b4 Be7 18. Be3 Qb7 19. Rac1 Bd5 20. Nxf6+ Nxf6 21. Bxd5 Nxd5 22. Ne4 0-0 23. Bc5 Nxb4 24. Bxb4 Bxb4 25. Rb1 a5 26. a3 Be7 27. Rxb5 Qc6 28. Rdb1 f5 29. Nf2 f4 30. g4 f3 31. e3 Qc7 32. Kg1 Bd6 33. h3 Rad8 34. Kh1 Bc5 35. Rb7 Qxb7 0-1